What is vocational education : a series of discourses on various aspects of vocational education /

Bibliographic Details
Main Author: Fern, George H.
Corporate Author: American Technical Society
Format: Book
Language:English
Published: Chicago : American technical society, 1944.
Subjects:

MARC

Tag First Indicator Second Indicator Subfields
LEADER 00000cam a2200000 4500
001 in00000055918
005 20151008052330.0
008 760329s1944 iluaf 00110 eng
010 |a  44047526  
035 |a (OCoLC)02077498 
035 |9 AAH2865AM 
040 |a DLC  |c YOM  |d TXA  |d UtOrBLW 
049 |a TXAM  |c [167956] 
050 0 0 |a LC1043  |b .F4 
082 0 |a 371.425 
092 |a 371.425  |b F362w 
100 1 |a Fern, George H. 
245 1 0 |a What is vocational education :  |b a series of discourses on various aspects of vocational education /  |c [by] Geroge H. Fern ... 
264 1 |a Chicago :  |b American technical society,  |c 1944. 
300 |a 3 pages ., 159 pages :  |b including illustrations, plates. frontispiece ;  |c 21 1/2 cm. 
336 |a text  |b txt  |2 rdacontent 
337 |a unmediated  |b n  |2 rdamedia 
338 |a volume  |b nc  |2 rdacarrier 
650 0 |a Vocational education. 
710 2 |a American Technical Society. 
948 |a give to Laurie in DBM. on locate. verify 245. llg 9-3-92 
999 |a MARS 
999 f f |s 52c7fab5-1e9b-3144-a94e-baad3dd6c768  |i a64d2316-8a7d-3198-9002-f5c78ea60f85  |t 0 
952 f f |p normal  |a Texas A&M University  |b College Station  |c Sterling C. Evans Library  |d Evans: Library Stacks  |t 0  |e LC1043 .F4  |h Library of Congress classification  |i unmediated -- volume  |m A14830297325 
998 f f |a LC1043 .F4  |t 0  |l Evans: Library Stacks